[Event "FRA-ch U12"]
[Site "Troyes"]
[Date "2010.04.11"]
[Round "1"]
[White "Raynal, Adrien"]
[Black "Grezels, Florian"]
[Result "0-1"]
[WhiteElo "1570"]
[BlackElo "1874"]
[PlyCount "76"]
[EventDate "2010.04.11"]
[EventType "swiss"]
[EventRounds "9"]
[EventCountry "FRA"]
[SourceTitle "EXT 2012"]
[Source "ChessBase"]
[SourceDate "2011.11.24"]
[SourceVersion "1"]
[SourceVersionDate "2011.11.24"]
[SourceQuality "1"]

1. e4 d6 2. d4 Nf6 3. Nc3 Nbd7 4. Nf3 e5 5. Bc4 Be7 6. 0-0 0-0 7. Re1 c6 8. Bb3 Qc7 9. d5 Nc5 10. h3 Ne8 11. Be3 Nxb3 12. axb3 a6 13. Na4 c5 14. b4 b5 15. bxc5 bxa4 16. c6 Rb8 17. Qb1 f5 18. Rxa4 fxe4 19. Nd2 Nf6 20. c4 Bd8 21. Nxe4 Nxe4 22. Qxe4 Rxb2 23. Rb1 Bf5 24. Qxf5 Rxf5 25. Rxb2 Rf7 26. Rb7 Qc8 27. Rb3 a5 28. Bd2 Ra7 29. Be3 Ra8 30. c5 dxc5 31. Bxc5 Rb8 32. Rf3 Bf6 33. Rxa5 e4 34. Re3 Rb1+ 35. Kh2 Qc7+ 36. g3 Qxa5 37. d6 Qxc5 38. c7 Rc1 0-1